[Event "Hastings9394"]
[Site "Hastings"]
[Date "1993.??.??"]
[Round "9"]
[White "Krasenkow, Michal"]
[Black "Nunn, John DM"]
[Result "1/2-1/2"]
[WhiteElo "2595"]
[BlackElo "2590"]

1.d4 Nf6 2.c4 g6 3.Nf3 Bg7 4.g3 c6 5.Bg2 d5 6.cxd5 cxd5 7.Nc3 O-O 8.Ne5 e6
9.O-O Nfd7 10.f4 f6 11.Nd3 Nc6 12.e3 f5 13.Qe2 Nf6 14.b3 Re8 15.a4 Bd7 16.Ba3 Ne4
17.Bxe4 dxe4 18.Ne5 Ne7 19.Nc4 Bc6 20.Nd6 Rf8 21.g4 Nd5 22.Nxd5 exd5 23.b4 a6
24.b5 axb5 25.Nxb5 Rf7 26.Bc5 fxg4 27.Qxg4 Bd7 28.Qe2 b6 29.Bb4 g5 30.Nd6 Rf6
31.Qa2 gxf4 32.Qxd5+ Be6 33.Qxe4 Rg6+ 34.Kh1 fxe3 35.Rg1 Ra5 36.Rxg6 Bd5
37.Re6 Bxe4+ 38.Rxe4 Ra8 39.Rg1 Qf6 40.Rxe3 Kh8 41.d5 Qd4 42.Nf7+ Kg8 43.Nh6+ Kh8
44.Nf7+ Kg8 45.Nh6+ Kh8 46.Rxg7 Qxe3 47.Rg2 Rf8  1/2-1/2

[Event "Hastings9394"]
[Site "Hastings"]
[Date "1993.??.??"]
[Round "9"]
[White "Arakhamia, Ketevan"]
[Black "Rogers, Ian"]
[Result "1/2-1/2"]
[WhiteElo "2440"]
[BlackElo "2595"]

1.e4 e6 2.d4 d5 3.Nc3 Bb4 4.e5 b6 5.Qg4 Bf8 6.Nf3 Qd7 7.a4 Nc6 8.Bb5 a6 9.Bxc6 Qxc6
10.O-O Ne7 11.a5 Ng6 12.axb6 cxb6 13.h4 h5 14.Qg3 Ne7 15.Bg5 Nf5 16.Qf4 a5
17.Rfc1 Ba6 18.Nb1 Be2 19.c4 Bxf3 20.cxd5 Qxd5 21.Nc3 Qb7 22.gxf3 Bb4 23.Nb5 O-O
24.Qe4 Qd7 25.Qc6 Qxc6 26.Rxc6 Rac8 27.Rac1 Rxc6 28.Rxc6 Rb8 29.Rc7 Rf8 30.Rc6 f6
31.exf6 gxf6 32.Be3 Kf7 33.Rxb6 Nxh4 34.Nc7 e5 35.dxe5 fxe5 36.f4 Rg8+ 37.Kf1 exf4
38.Bxf4 Nf3 39.Nd5 h4 40.Rf6+ Ke8 41.Rh6 Rg1+ 42.Ke2 Nd4+ 43.Kd3 Nf5 44.Rh8+ Kd7
45.Ke4 Nd6+ 46.Bxd6 Bxd6 47.Rxh4 Re1+ 48.Kf3 Kc6 49.Nc3 Bb4 50.Re4 Bxc3 51.Rc4+ Kb5
52.Rxc3 Ka4 53.Rc8 Re7 54.Kg3 Re2 55.Rb8 Re3+  1/2-1/2

[Event "Hastings9394"]
[Site "Hastings"]
[Date "1993.??.??"]
[Round "9"]
[White "Sherbakov, Ruslan"]
[Black "Hebden, Mark"]
[Result "1-0"]
[WhiteElo "2580"]
[BlackElo "2560"]

1.d4 Nf6 2.Nf3 g6 3.c4 Bg7 4.Nc3 O-O 5.e4 d6 6.Be2 e5 7.O-O Nc6 8.d5 Ne7
9.Nd2 Ne8 10.b4 f5 11.c5 Kh8 12.a4 Ng8 13.a5 f4 14.Ba3 Nh6 15.b5 g5 16.f3 Rf6
17.Nc4 dxc5 18.Bxc5 Rg6 19.g4 fxg3 20.hxg3 g4 21.f4 exf4 22.Rxf4 Bxc3 23.Bd4+ Bxd4+
24.Qxd4+ Kg8 25.Raf1 Nd6 26.Qf2 Bd7 27.Ne5 Rg7 28.Nxd7 Rxd7 29.e5 Ndf7 30.Qe3 Qe7
31.e6 Ng5 32.Rf6 Rxd5 33.Bc4 Rc5 34.Kh1 Rd8 35.Qxc5 Qxc5 36.e7+ Kg7 37.exd8=Q Nf3
38.R6xf3 gxf3 39.Qd7+ Kg6 40.Bd3+ Kg5 41.Qd8+  1-0